Вып. 7 : Рождение нации; "Арабески" Истории; Путевые заметки; 1881 год; Записки губернатора; История с тремя городами; Два письма Шолом-Алейхема; Погром; Воспоминания террориста; Юзеф Пилсудский; Патриотизм народный и казенный; В. А. Гольцев и "Русская Мысль"; Государственная дума; Осиное гнездо; О могущественном территориальном владении применительно к России

Dades bibliogràfiques
Parent link:"Арабески" Истории: альманах/ Фонд "Мир Гумилева"; сост. А. И. Куркчи. Вып. 7 : Рождение нации.— , 1994-1997
Idioma:rus
Publicat: 1996
TOC:П. А. Крушеван, Путевые заметки;
В. К. Плеве, 1881 год;
С. Д. Урусов, Записки губернатора;
Шолом-Алейхем, История с тремя городами;
Два письма Шолом-Алейхема;
И. Зангвилл, Погром;
Б. В. Савинков, Воспоминания террориста;
Д. Наленч, Т. Наленч, Юзеф Пилсудский;
И. И. Петрункевич, Патриотизм народный и казенный;
В. Е. Чешихин-Ветринский, В. А. Гольцев и "Русская Мысль";
Государственная дума;
А. С. Серафимович, Осиное гнездо;
В. П. Семенов-Тян-Шанский, О могущественном территориальном владении применительно к России;
Matèries:
Format: Llibre
KOHA link:https://koha.lib.tpu.ru/cgi-bin/koha/opac-detail.pl?biblionumber=2936

MARC

LEADER 00000nam2a2200000 4500
001 2936
005 20241126063145.0
010 |a 5875830239 
035 |a (RuTPU)RU\TPU\book\2950 
035 |a BOOK00002958 
090 |a 2936 
100 |a 20011209d1996 km y0rusy50 ca 
101 0 |a rus 
102 |a RU 
105 |a a z 001zd 
200 0 |a Вып. 7 : Рождение нации 
210 |d 1996 
215 |a 624 с.  |c ил. 
320 |a Коротко об авторах: с. 617-621. 
320 |a Библиография в примечаниях. 
461 1 |0 (RuTPU)RU\TPU\book\70213  |t "Арабески" Истории  |o альманах  |f Фонд "Мир Гумилева"; сост. А. И. Куркчи  |v Вып. 7 : Рождение нации  |d 1994-1997  |s Серия II; Свод Bibliotheca Gumilevica 
464 |t Путевые заметки  |f П. А. Крушеван 
464 |t 1881 год  |f В. К. Плеве 
464 |t Записки губернатора  |f С. Д. Урусов 
464 |t История с тремя городами  |f Шолом-Алейхем 
464 |t Два письма Шолом-Алейхема 
464 |t Погром  |f И. Зангвилл 
464 |t Воспоминания террориста  |f Б. В. Савинков 
464 |t Юзеф Пилсудский  |f Д. Наленч, Т. Наленч 
464 |t Патриотизм народный и казенный  |f И. И. Петрункевич 
464 |t В. А. Гольцев и "Русская Мысль"  |f В. Е. Чешихин-Ветринский 
464 |t Государственная дума  |o сообщение корреспондента "Нового времени" о заседании 17 ноября 1907 года  |o выступление П. Крушевана  |o речь П. А. Столыпина 
464 |t Осиное гнездо  |f А. С. Серафимович 
464 |t О могущественном территориальном владении применительно к России  |o приложение  |f В. П. Семенов-Тян-Шанский  |a Семенов-Тян-Шанский, Вениамин Петрович 
600 1 |a Гумилев  |g Лев Николаевич  |f 1912 - 1992  |c российский историк  |c географ  |b Л. Н.  |2 stltpui  |3 (RuTPU)RU\TPU\pers\1051 
600 1 |a Плеве  |g Вячеслав Константинович  |b В. К.  |f 1846-1904  |c российский государственный деятель  |2 stltpush  |3 (RuTPU)RU\TPU\pers\1294 
600 1 |a Савинков  |b Б. В.  |c российский политический деятель  |c публицист  |c писатель  |c псевдоним В. Ропшин  |f 1879-1925  |g Борис Викторович  |2 stltpush  |3 (RuTPU)RU\TPU\pers\642  |9 296 
600 1 |a Пилсудский  |g Юзеф  |b Ю.  |c польский государственный деятель  |c маршал  |f 1867-1935  |2 stltpush  |3 (RuTPU)RU\TPU\pers\566 
600 1 |a Шолом-Алейхем  |c еврейский писатель  |c настоящее имя и фамилия Шолом Нохумович Рабинович  |f 1859-1916  |2 stltpush  |3 (RuTPU)RU\TPU\pers\23857  |9 10501 
606 |a Россия  |x История  |7 ca  |8 rus  |2 stltpush  |3 (RuTPU)RU\TPU\subj\64777  |9 81526 
606 |a Народы России  |x Этнология  |2 stltpush  |3 (RuTPU)RU\TPU\subj\69735  |9 84440 
610 1 |a история 
610 1 |a этнография 
610 1 |a национальный быт 
610 1 |a персоналии 
686 |a Т52(2)  |v LBC/SL-A  |2 rubbk 
686 |a Т3(2)  |v LBC/SL-A  |2 rubbk 
801 0 |a RU  |b 63413507  |c 20011209  |g PSBO 
801 2 |a RU  |b 63413507  |c 20171226  |g PSBO 
942 |c BK